[Event "Mitropa Cup 27th"]
[Site "Olbia"]
[Date "2008.06.02"]
[Round "8.1"]
[White "Jenni, Florian"]
[Black "Simacek, Pavel"]
[Result "1-0"]
[WhiteElo "2550"]
[BlackElo "2461"]
[PlyCount "91"]
[EventDate "2008.05.25"]
[EventType "team-tourn"]
[EventRounds "9"]
[EventCountry "ITA"]
[Source "ChessBase"]
[SourceDate "2008.07.03"]
[WhiteTeam "Switzerland"]
[BlackTeam "Czech Republic"]
[WhiteTeamCountry "SUI"]
[BlackTeamCountry "CZE"]

1. e4 c5 2. Nf3 e6 3. c3 Nf6 4. e5 Nd5 5. d4 cxd4 6. cxd4 b6 7. Bc4 Bb7 8. O-O
Be7 9. Bxd5 exd5 10. Nc3 Na6 11. Be3 O-O 12. Qd2 Nc7 13. Bg5 f6 14. exf6 Bxf6
15. Bxf6 Qxf6 16. Ne5 Rad8 17. f4 d6 18. Ng4 Qh4 19. Ne3 Rxf4 20. Nf5 Rxf1+ 21.
Rxf1 Qf6 22. Qe3 Kh8 23. Ne7 Qe6 24. Qxe6 Nxe6 25. Nexd5 Bc6 26. Nxb6 Nxd4 27.
Nc4 Kg8 28. Rd1 Nf5 29. g4 Nh6 30. Rxd6 Rxd6 31. Nxd6 Nxg4 32. Nc8 Kf7 33. Nxa7
Bb7 34. b4 Ke6 35. a4 Ne5 36. a5 Kd7 37. Na4 Kc7 38. Nc5 Kb8 39. Nb5 Nc6 40. a6
Bc8 41. Nd6 Na7 42. b5 Bh3 43. b6 Nc6 44. a7+ Nxa7 45. Na6+ Ka8 46. b7# 1-0

[Event "Mitropa Cup 27th"]
[Site "Olbia"]
[Date "2008.06.02"]
[Round "8.2"]
[White "Zilka, Stepan"]
[Black "Gallagher, Joseph G"]
[Result "0-1"]
[WhiteElo "2472"]
[BlackElo "2480"]
[PlyCount "92"]
[EventDate "2008.05.25"]
[EventType "team-tourn"]
[EventRounds "9"]
[EventCountry "ITA"]
[Source "ChessBase"]
[SourceDate "2008.07.03"]
[WhiteTeam "Czech Republic"]
[BlackTeam "Switzerland"]
[WhiteTeamCountry "CZE"]
[BlackTeamCountry "SUI"]

1. c4 g6 2. Nc3 Bg7 3. g3 d6 4. Bg2 e5 5. e3 Nf6 6. Nge2 O-O 7. O-O Re8 8. d3
c6 9. b4 d5 10. cxd5 cxd5 11. Bb2 Nc6 12. b5 Na5 13. Rc1 b6 14. Ba1 Bb7 15. e4
Qd7 16. exd5 Nxd5 17. Nxd5 Bxd5 18. Bxd5 Qxd5 19. Nc3 Qd7 20. Qf3 Rad8 21. Rfd1
Nb7 22. Qc6 Nc5 23. Ne4 Ne6 24. Qxd7 Rxd7 25. Rc6 Red8 26. f4 Nd4 27. Bxd4 Rxd4
28. Nf6+ Bxf6 29. Rxf6 e4 30. Rc6 exd3 31. Kf2 Rb4 32. Rc7 Rxb5 33. Rxa7 Rb2+
34. Ke3 Rxh2 35. Ra6 Re2+ 36. Kf3 Re6 37. Rd2 Kg7 38. Ra3 Red6 39. Rb3 h5 40.
Ke3 Kf6 41. Kf3 R8d7 42. a3 Ke7 43. Rc3 Rd5 44. Kf2 R7d6 45. Kf3 Ke6 46. Rc7
Rc5 0-1

[Event "Mitropa Cup 27th"]
[Site "Olbia"]
[Date "2008.06.02"]
[Round "8.4"]
[White "Klima, Lukas"]
[Black "Raeber, Markus"]
[Result "1-0"]
[WhiteElo "2407"]
[BlackElo "2247"]
[PlyCount "57"]
[EventDate "2008.05.25"]
[EventType "team-tourn"]
[EventRounds "9"]
[EventCountry "ITA"]
[Source "ChessBase"]
[SourceDate "2008.07.03"]
[WhiteTeam "Czech Republic"]
[BlackTeam "Switzerland"]
[WhiteTeamCountry "CZE"]
[BlackTeamCountry "SUI"]

1. e4 d6 2. d4 Nf6 3. Nc3 g6 4. Be3 Bg7 5. h3 c6 6. f4 Nbd7 7. e5 Nd5 8. Nxd5
cxd5 9. Nf3 Qb6 10. Qc1 f6 11. c4 dxc4 12. Bxc4 d5 13. Bb3 Nf8 14. O-O Be6 15.
Qd2 Rd8 16. Rac1 Bf5 17. Qf2 h5 18. Rfe1 Kf7 19. Rc5 Qe6 20. Bd2 Bh6 21. exf6
Qxf6 22. Rxd5 e6 23. Rxd8 Qxd8 24. d5 exd5 25. Bc3 Rh7 26. Qd4 Ne6 27. Bxd5 Qb6
28. Qxb6 axb6 29. Nd4 1-0

[Event "Mitropa Cup 27th"]
[Site "Olbia"]
[Date "2008.06.02"]
[Round "8.1"]
[White "Caruana, Fabiano"]
[Black "Baramidze, David"]
[Result "1-0"]
[WhiteElo "2620"]
[BlackElo "2583"]
[PlyCount "57"]
[EventDate "2008.05.25"]
[EventType "team-tourn"]
[EventRounds "9"]
[EventCountry "ITA"]
[Source "ChessBase"]
[SourceDate "2008.07.03"]
[WhiteTeam "Italy"]
[BlackTeam "Germany"]
[WhiteTeamCountry "ITA"]
[BlackTeamCountry "GER"]

1. e4 c5 2. Nf3 d6 3. d4 cxd4 4. Nxd4 Nf6 5. Nc3 Nc6 6. Bg5 e6 7. Qd2 Be7 8.
O-O-O Nxd4 9. Qxd4 O-O 10. f4 Qa5 11. Bc4 Bd7 12. e5 dxe5 13. fxe5 Bc6 14. Bd2
Nd7 15. Nd5 Qd8 16. Nxe7+ Qxe7 17. Rhe1 Nb6 18. Bf1 Rfd8 19. Qg4 Rac8 20. Kb1
Ba4 21. b3 Qc7 22. c4 Bc6 23. Qg3 Rd7 24. Bd3 Na4 25. Bb4 Qb6 26. Bxh7+ Kxh7
27. Rxd7 Qxb4 28. Rxf7 Rg8 29. Qh3+ 1-0

[Event "Mitropa Cup 27th"]
[Site "Olbia"]
[Date "2008.06.02"]
[Round "8.2"]
[White "Braun, Arik"]
[Black "Godena, Michele"]
[Result "1-0"]
[WhiteElo "2529"]
[BlackElo "2528"]
[PlyCount "83"]
[EventDate "2008.05.25"]
[EventType "team-tourn"]
[EventRounds "9"]
[EventCountry "ITA"]
[Source "ChessBase"]
[SourceDate "2008.07.03"]
[WhiteTeam "Germany"]
[BlackTeam "Italy"]
[WhiteTeamCountry "GER"]
[BlackTeamCountry "ITA"]

1. d4 d5 2. c4 c6 3. Nf3 Nf6 4. Nc3 e6 5. Bg5 Nbd7 6. cxd5 exd5 7. e3 Qa5 8.
Bd3 Ne4 9. O-O Nxg5 10. Nxg5 Nf6 11. h3 h6 12. Nf3 Bb4 13. Qc2 O-O 14. Ne5 c5
15. a3 Bxc3 16. Qxc3 Qxc3 17. bxc3 Re8 18. Rfb1 Re7 19. Rb5 b6 20. Rb2 Ne8 21.
a4 Nd6 22. a5 c4 23. Be2 b5 24. Bf3 Be6 25. Nc6 Rd7 26. Nb4 Ne8 27. e4 Nf6 28.
exd5 Bf5 29. Re1 Re8 30. Re5 Bg6 31. Rbe2 Kf8 32. g4 Rc8 33. d6 Rxd6 34. Rxb5
Rd7 35. a6 Ne8 36. Rb7 Rcc7 37. Rb2 Nd6 38. Rb8+ Rc8 39. Nc6 Rdc7 40. Rxc8+
Rxc8 41. Nxa7 Re8 42. Nc6 1-0

[Event "Mitropa Cup 27th"]
[Site "Olbia"]
[Date "2008.06.02"]
[Round "8.3"]
[White "Garcia Palermo, Carlos H"]
[Black "Naumann, Alexander"]
[Result "0-1"]
[WhiteElo "2465"]
[BlackElo "2523"]
[PlyCount "150"]
[EventDate "2008.05.25"]
[EventType "team-tourn"]
[EventRounds "9"]
[EventCountry "ITA"]
[Source "ChessBase"]
[SourceDate "2008.07.03"]
[WhiteTeam "Italy"]
[BlackTeam "Germany"]
[WhiteTeamCountry "ITA"]
[BlackTeamCountry "GER"]

1. d4 d5 2. Nf3 Nf6 3. c4 e6 4. e3 a6 5. b3 c5 6. Nbd2 Nc6 7. Bb2 cxd4 8. exd4
Be7 9. g3 O-O 10. Bg2 b6 11. O-O Bb7 12. Qe2 Rc8 13. Rfd1 Rc7 14. Nf1 Qa8 15.
Ne3 Rd8 16. Rac1 Nb8 17. Ne5 dxc4 18. d5 Nxd5 19. Nxf7 Kxf7 20. Qh5+ Kf8 21.
Bxd5 Bxd5 22. Qxh7 c3 23. Rxc3 Rxc3 24. Bxc3 Qc6 25. Bxg7+ Ke8 26. Ng4 Qc5 27.
Ne5 Rd7 28. Qh8+ Bf8 29. Bf6 Bf3 30. Nxd7 Nxd7 31. Bd4 Qf5 32. Re1 Bd5 33. Qh4
Qf3 34. Kf1 Qg2+ 35. Ke2 Qf3+ 36. Kf1 Qh1+ 37. Ke2 Bf3+ 38. Ke3 Qxe1+ 39. Kxf3
Qh1+ 40. Ke2 Qd5 41. Qg4 Qf5 42. Qxf5 exf5 43. h4 Kf7 44. f3 b5 45. Ke3 Bh6+
46. Kd3 Ke6 47. Ke2 Ne5 48. Be3 Bf8 49. Bf4 Nc6 50. g4 fxg4 51. fxg4 Ne5 52. g5
Kf5 53. Bg3 Nc6 54. Bf2 Kg4 55. Be1 Nd4+ 56. Kd3 Nf3 57. Ba5 Kf5 58. a4 Nxh4
59. axb5 axb5 60. Kd4 Ke6 61. Ke4 Be7 62. Bd2 Ng6 63. Be3 Bd6 64. Bd2 Be5 65.
Be3 Ne7 66. Bd4 Bd6 67. Be3 Nf5 68. Bd2 Be5 69. Be1 Nd6+ 70. Kd3 Kf5 71. Bc3
Bxc3 72. Kxc3 Kxg5 73. Kb4 Kf6 74. Kc5 Ke5 75. b4 Ke4 0-1

[Event "Mitropa Cup 27th"]
[Site "Olbia"]
[Date "2008.06.02"]
[Round "8.1"]
[White "Erdos, Viktor"]
[Black "Markos, Jan"]
[Result "1/2-1/2"]
[WhiteElo "2576"]
[BlackElo "2565"]
[PlyCount "46"]
[EventDate "2008.05.25"]
[EventType "team-tourn"]
[EventRounds "9"]
[EventCountry "ITA"]
[Source "ChessBase"]
[SourceDate "2008.07.03"]
[WhiteTeam "Hungary"]
[BlackTeam "Slovakia"]
[WhiteTeamCountry "HUN"]
[BlackTeamCountry "SVK"]

1. d4 Nf6 2. c4 g6 3. Nc3 Bg7 4. e4 d6 5. Nf3 O-O 6. Be2 e5 7. O-O Nc6 8. d5
Ne7 9. Nd2 Nd7 10. Rb1 a5 11. a3 f5 12. b4 axb4 13. axb4 Bh6 14. Kh1 fxe4 15.
Ndxe4 Bxc1 16. Rxc1 Nf5 17. c5 Nf6 18. Nxf6+ Qxf6 19. Nb5 Rf7 20. Qd2 h5 21.
Bd3 h4 22. h3 Ng7 23. Rc4 Nh5 {..36} 1/2-1/2

[Event "Mitropa Cup 27th"]
[Site "Olbia"]
[Date "2008.06.02"]
[Round "8.3"]
[White "Fodor, Tamas Jr"]
[Black "Macak, Stefan"]
[Result "1/2-1/2"]
[WhiteElo "2432"]
[BlackElo "2342"]
[PlyCount "81"]
[EventDate "2008.05.25"]
[EventType "team-tourn"]
[EventRounds "9"]
[EventCountry "ITA"]
[Source "ChessBase"]
[SourceDate "2008.07.03"]
[WhiteTeam "Hungary"]
[BlackTeam "Slovakia"]
[WhiteTeamCountry "HUN"]
[BlackTeamCountry "SVK"]

1. d4 Nf6 2. c4 e6 3. Nf3 b6 4. Nc3 Bb7 5. Bg5 h6 6. Bh4 g5 7. Bg3 Nh5 8. e4
Nxg3 9. hxg3 Bg7 10. g4 h5 11. gxh5 g4 12. Nd2 Bxd4 13. Qxg4 Nc6 14. f4 d6 15.
Rh3 Qe7 16. O-O-O O-O-O 17. Bd3 Qf6 18. Bc2 Rdg8 19. Qf3 Qg7 20. g3 Qg4 21.
Qxg4 Rxg4 22. Nf3 Bf2 23. Ne2 Be3+ 24. Kb1 Nb4 25. Nc3 Bf2 26. Ng5 Rxg3 27. Rh2
Nxc2 28. Kxc2 Bg1 29. Rh1 Be3 30. Nxf7 Rh7 31. Ng5 Rh6 32. Rdf1 Rg2+ 33. Kb3
Kd7 34. Rh3 Bd4 35. e5 Ke7 36. exd6+ cxd6 37. Re1 Bc6 38. Ne2 Bf2 39. Rf1 Bc5
40. Nc3 Be8 41. Re1 1/2-1/2

[Event "Mitropa Cup 27th"]
[Site "Olbia"]
[Date "2008.06.02"]
[Round "8.4"]
[White "Smolen, Jan"]
[Black "Pap, Gyula"]
[Result "0-1"]
[WhiteElo "2445"]
[BlackElo "2451"]
[PlyCount "80"]
[EventDate "2008.05.25"]
[EventType "team-tourn"]
[EventRounds "9"]
[EventCountry "ITA"]
[Source "ChessBase"]
[SourceDate "2008.07.03"]
[WhiteTeam "Slovakia"]
[BlackTeam "Hungary"]
[WhiteTeamCountry "SVK"]
[BlackTeamCountry "HUN"]

1. d4 Nf6 2. Nf3 e6 3. g3 b5 4. Bg2 Bb7 5. O-O c5 6. b3 Be7 7. Bb2 O-O 8. Nbd2
cxd4 9. Bxd4 Nc6 10. Bb2 d5 11. c4 dxc4 12. bxc4 b4 13. e4 Nd7 14. e5 Nc5 15.
Qc2 Qd3 16. Rac1 a5 17. Nb3 a4 18. Nxc5 Qxc2 19. Rxc2 Bxc5 20. Nd2 Na5 21. Ne4
Bxe4 22. Bxe4 Rad8 23. Rfc1 Rd7 24. Re2 Rfd8 25. Bc2 b3 26. axb3 axb3 27. Be4
Rd1+ 28. Re1 R1d2 29. Bc3 Bxf2+ 30. Kf1 Bxe1 31. Kxe1 b2 32. Bxd2 bxc1=Q+ 33.
Bxc1 Nxc4 34. Bf4 Rc8 35. Ke2 Rc5 36. Kd3 Nxe5+ 37. Kd4 Rc4+ 38. Ke3 Ng4+ 39.
Kd3 Rxe4 40. Kxe4 Nxh2 0-1

[Event "Mitropa Cup 27th"]
[Site "Olbia"]
[Date "2008.06.03"]
[Round "9.3"]
[White "Pilaj, Herwig"]
[Black "Bellini, Fabio"]
[Result "1-0"]
[WhiteElo "2389"]
[BlackElo "2518"]
[PlyCount "149"]
[EventDate "2008.05.25"]
[EventType "team-tourn"]
[EventRounds "9"]
[EventCountry "ITA"]
[Source "ChessBase"]
[SourceDate "2008.07.03"]
[WhiteTeam "Austria"]
[BlackTeam "Italy"]
[WhiteTeamCountry "AUT"]
[BlackTeamCountry "ITA"]

1. d4 Nf6 2. c4 e6 3. Nf3 d5 4. Nc3 Be7 5. Bf4 O-O 6. e3 Nbd7 7. c5 c6 8. Bd3
b6 9. b4 a5 10. a3 Ba6 11. O-O Qc8 12. h3 Qb7 13. Bxa6 Rxa6 14. Qe2 axb4 15.
axb4 b5 16. Qb2 Rfa8 17. Nd2 Bd8 18. Nb3 Ne4 19. Rxa6 Qxa6 20. Ra1 Qb7 21. Rxa8
Qxa8 22. Qa2 Qb7 23. Nxe4 dxe4 24. Nd2 g5 25. Be5 Nxe5 26. dxe5 Bc7 27. Nxe4
Bxe5 28. Nxg5 Qd7 29. Qc2 f5 30. Nf3 Bf6 31. Kf1 Qd5 32. Ke2 h5 33. g3 Kg7 34.
h4 Kg6 35. Ne1 e5 36. f3 e4 37. fxe4 fxe4 38. Ng2 Be5 39. Kf2 Kh6 40. Nf4 Bxf4
41. gxf4 Kg6 42. Ke1 Kf6 43. Qb2+ Kf7 44. Qd4 Qe6 45. Qd1 Qf5 46. Kf2 Qg6 47.
Qd7+ Kg8 48. Qd8+ Kh7 49. Qe7+ Kh8 50. Qg5 Qf7 51. Qe5+ Kg8 52. Qxe4 Qa2+ 53.
Kf3 Qd2 54. Qg6+ Kh8 55. Qxh5+ Kg7 56. Qe5+ Kg8 57. Qe6+ Kg7 58. Qe7+ Kg8 59.
Qe6+ Kg7 60. Qe5+ Kg8 61. Qd4 Qh2 62. Qd8+ Kh7 63. Qd7+ Kh8 64. Qe8+ Kh7 65.
Qh5+ Kg7 66. Qg5+ Kh7 67. f5 Qh3+ 68. Ke2 Qh2+ 69. Kd3 Qa2 70. Qe7+ Kh8 71.
Qe8+ Kg7 72. Qd7+ Kh6 73. Qe6+ Kg7 74. Qg6+ Kf8 75. Qf6+ 1-0

[Event "Mitropa Cup 27th"]
[Site "Olbia"]
[Date "2008.06.03"]
[Round "9.4"]
[White "Borgo, Giulio"]
[Black "Kreisl, Robert"]
[Result "1/2-1/2"]
[WhiteElo "2453"]
[BlackElo "2322"]
[PlyCount "85"]
[EventDate "2008.05.25"]
[EventType "team-tourn"]
[EventRounds "9"]
[EventCountry "ITA"]
[Source "ChessBase"]
[SourceDate "2008.07.03"]
[WhiteTeam "Italy"]
[BlackTeam "Austria"]
[WhiteTeamCountry "ITA"]
[BlackTeamCountry "AUT"]

1. Nf3 Nf6 2. d4 d5 3. c4 c6 4. e3 Bg4 5. h3 Bxf3 6. Qxf3 e6 7. Bd3 Nbd7 8. O-O
Bd6 9. Nc3 O-O 10. Rd1 Qe7 11. Bd2 Rfe8 12. Rac1 dxc4 13. Bxc4 e5 14. a3 Rad8
15. Ba2 Nb6 16. Ne2 e4 17. Qf5 Nfd5 18. Qg4 g6 19. h4 h5 20. Qh3 Qf6 21. b4 Be7
22. g3 Qf3 23. Re1 Kg7 24. Bb3 a6 25. Rb1 Bd6 26. Nc1 Re7 27. Bd1 Qf6 28. Nb3
Nc4 29. Ra1 a5 30. bxa5 Bxa3 31. Be2 Nxd2 32. Rxa3 Nxb3 33. Rxb3 Ra8 34. Ra1 b6
35. Bc4 Rxa5 36. Rxa5 bxa5 37. Bxd5 cxd5 38. Qc8 Qe6 39. Qd8 Rd7 40. Qxa5 Qg4
41. Rb1 g5 42. hxg5 h4 43. Qb6 1/2-1/2

[Event "Mitropa Cup 27th"]
[Site "Olbia"]
[Date "2008.06.03"]
[Round "9.2"]
[White "Gallagher, Joseph G"]
[Black "Bosiocic, Marin"]
[Result "0-1"]
[WhiteElo "2480"]
[BlackElo "2503"]
[PlyCount "74"]
[EventDate "2008.05.25"]
[EventType "team-tourn"]
[EventRounds "9"]
[EventCountry "ITA"]
[Source "ChessBase"]
[SourceDate "2008.07.03"]
[WhiteTeam "Switzerland"]
[BlackTeam "Croatia"]
[WhiteTeamCountry "SUI"]
[BlackTeamCountry "CRO"]

1. e4 c5 2. Nf3 e6 3. d4 cxd4 4. Nxd4 Nc6 5. Nc3 Qc7 6. g3 a6 7. Bg2 d6 8. O-O
Bd7 9. Re1 Be7 10. Nxc6 Bxc6 11. Qg4 h5 12. Qe2 Kf8 13. a4 h4 14. a5 hxg3 15.
hxg3 Nf6 16. Be3 Re8 17. Bb6 Qc8 18. Rad1 e5 19. b4 Bd7 20. Rd3 g6 21. Nd5 Nxd5
22. exd5 Kg7 23. c4 Bh3 24. Bh1 Rh7 25. f3 Reh8 26. Rc3 Bf1 27. Kxf1 Rxh1+ 28.
Bg1 Bf6 29. Rc2 Qf5 30. Qe4 Qh5 31. Rg2 Bd8 32. Rc1 b6 33. axb6 Bxb6 34. c5 Bc7
35. Rcc2 dxc5 36. bxc5 Rb8 37. Rh2 Rb1+ 0-1

[Event "Mitropa Cup 27th"]
[Site "Olbia"]
[Date "2008.06.03"]
[Round "9.3"]
[White "Saric, Ivan"]
[Black "Huss, Andreas"]
[Result "0-1"]
[WhiteElo "2500"]
[BlackElo "2380"]
[PlyCount "84"]
[EventDate "2008.05.25"]
[EventType "team-tourn"]
[EventRounds "9"]
[EventCountry "ITA"]
[Source "ChessBase"]
[SourceDate "2008.07.03"]
[WhiteTeam "Croatia"]
[BlackTeam "Switzerland"]
[WhiteTeamCountry "CRO"]
[BlackTeamCountry "SUI"]

1. e4 e6 2. d4 d5 3. Nc3 Bb4 4. e5 b6 5. a3 Bxc3+ 6. bxc3 Qd7 7. Qg4 f5 8. Qg3
Ba6 9. Bxa6 Nxa6 10. Ne2 Kf7 11. Nf4 Ne7 12. h4 Qa4 13. h5 h6 14. Ng6 Rhg8 15.
Kd1 c5 16. Rh4 Qc4 17. a4 Rac8 18. Ke1 cxd4 19. Ba3 Nc6 20. Nh8+ Ke8 21. Nf7
Qxc3+ 22. Qxc3 dxc3 23. Nd6+ Kd7 24. Nxc8 Rxc8 25. Bd6 Nc5 26. Bxc5 bxc5 27.
Rb1 Rc7 28. f4 Nb4 29. Kd1 d4 30. a5 Nd5 31. g3 Ne3+ 32. Kc1 c4 33. Rb4 Kc6 34.
Rh1 Kc5 35. Rb8 d3 36. Rd8 d2+ 37. Rxd2 cxd2+ 38. Kxd2 Nd5 39. Rb1 Kd4 40. Rb8
Ke4 41. Ke2 Rd7 42. Rc8 c3 0-1

[Event "Mitropa Cup 27th"]
[Site "Olbia"]
[Date "2008.06.03"]
[Round "9.2"]
[White "Gonda, Laszlo"]
[Black "Simacek, Pavel"]
[Result "1/2-1/2"]
[WhiteElo "2509"]
[BlackElo "2461"]
[PlyCount "67"]
[EventDate "2008.05.25"]
[EventType "team-tourn"]
[EventRounds "9"]
[EventCountry "ITA"]
[Source "ChessBase"]
[SourceDate "2008.07.03"]
[WhiteTeam "Hungary"]
[BlackTeam "Czech Republic"]
[WhiteTeamCountry "HUN"]
[BlackTeamCountry "CZE"]

1. d4 Nf6 2. c4 c5 3. d5 e6 4. Nc3 exd5 5. cxd5 d6 6. Nf3 g6 7. Nd2 Bg7 8. e4
O-O 9. Be2 Re8 10. O-O Nbd7 11. a4 Ne5 12. Ndb1 h6 13. f4 Neg4 14. h3 h5 15.
hxg4 hxg4 16. g3 Nxe4 17. Nxe4 Rxe4 18. Bxg4 Rd4 19. Qf3 Bxg4 20. Qxg4 Rxd5 21.
Nc3 Rd4 22. Qf3 Qd7 23. f5 gxf5 24. Bf4 Re8 25. Nb5 Rb4 26. Rae1 Re6 27. b3
Rbe4 28. Rd1 d5 29. Nc3 Bd4+ 30. Kh1 Rxf4 31. Qxf4 Bxc3 32. Qxf5 Be5 33. Kg2 d4
34. Rf3 {..53} 1/2-1/2

[Event "Mitropa Cup 27th"]
[Site "Olbia"]
[Date "2008.06.03"]
[Round "9.3"]
[White "Zilka, Stepan"]
[Black "Fodor, Tamas Jr"]
[Result "1/2-1/2"]
[WhiteElo "2472"]
[BlackElo "2432"]
[PlyCount "210"]
[EventDate "2008.05.25"]
[EventType "team-tourn"]
[EventRounds "9"]
[EventCountry "ITA"]
[Source "ChessBase"]
[SourceDate "2008.07.03"]
[WhiteTeam "Czech Republic"]
[BlackTeam "Hungary"]
[WhiteTeamCountry "CZE"]
[BlackTeamCountry "HUN"]

1. d4 d5 2. c4 e6 3. Nc3 Be7 4. cxd5 exd5 5. Bf4 Nf6 6. e3 O-O 7. Bd3 c5 8.
Nge2 Nc6 9. O-O cxd4 10. Nxd4 Nxd4 11. exd4 Be6 12. Re1 a6 13. Rc1 Rc8 14. Qb3
b5 15. a4 b4 16. Ne2 Qb6 17. Bb1 a5 18. Be5 Nd7 19. Bg3 Bf6 20. Rcd1 g6 21. Bd3
Rfd8 22. Bb5 Bg7 23. Bh4 Nf6 24. Nf4 Rd6 25. Nxe6 Rxe6 26. Rxe6 Qxe6 27. f3 Nh5
28. Bf2 Nf4 29. Re1 Qf5 30. Bf1 Ne6 31. Qd1 Qc2 32. Ba6 Rc7 33. Qxc2 Rxc2 34.
Bb7 Bxd4 35. Bxd4 Nxd4 36. Bxd5 Ne2+ 37. Kf1 Nf4 38. Bb7 Rxb2 39. Re8+ Kg7 40.
Ra8 b3 41. Rxa5 Rb1+ 42. Kf2 Nd3+ 43. Ke2 b2 44. Rb5 Re1+ 45. Kxd3 b1=Q+ 46.
Rxb1 Rxb1 47. Bc6 Kf6 48. Kd4 Rc1 49. Bb7 Ra1 50. Bc6 Rc1 51. Bb7 Ke6 52. a5
Kd6 53. a6 Ra1 54. h4 Ra4+ 55. Ke3 f5 56. f4 Kc5 57. g3 Ra3+ 58. Kf2 Kd4 59.
Ke2 Ra2+ 60. Kf3 h6 61. Bc8 Ra3+ 62. Kf2 Kc3 63. Bb7 Kd2 64. Bc8 Kd1 65. Bb7
Ra2+ 66. Kf1 Kd2 67. Kf2 Kd3+ 68. Kf3 Kd4 69. Bc8 Ra3+ 70. Kf2 Kd5 71. Bb7+ Ke6
72. Kg2 Kf6 73. Kh2 Ra2+ 74. Kh3 h5 75. Bd5 Rxa6 76. Kg2 Rd6 77. Bb7 Rd7 78.
Bc6 Rc7 79. Bd5 Ke7 80. Kf2 Kd6 81. Ba8 Re7 82. Kf1 Kc5 83. Kf2 Kd4 84. Kf1 Ke3
85. Bc6 Rc7 86. Ba8 g5 87. hxg5 h4 88. gxh4 Kxf4 89. g6 Rg7 90. h5 Kg4 91. Bd5
Kxh5 92. Bf7 Kg5 93. Kg1 Kf4 94. Kf2 Ke4 95. Ke2 f4 96. Kf2 Ke5 97. Kf3 Kf5 98.
Kf2 Ke4 99. Ke2 f3+ 100. Kf2 Kf4 101. Kf1 Ke3 102. Ke1 f2+ 103. Kf1 Kf3 104.
Bd5+ Kf4 105. Kxf2 Rxg6 1/2-1/2

[Event "Mitropa Cup 27th"]
[Site "Olbia"]
[Date "2008.06.03"]
[Round "9.4"]
[White "Pap, Gyula"]
[Black "Plat, Vojtech"]
[Result "1/2-1/2"]
[WhiteElo "2451"]
[BlackElo "2332"]
[PlyCount "66"]
[EventDate "2008.05.25"]
[EventType "team-tourn"]
[EventRounds "9"]
[EventCountry "ITA"]
[Source "ChessBase"]
[SourceDate "2008.07.03"]
[WhiteTeam "Hungary"]
[BlackTeam "Czech Republic"]
[WhiteTeamCountry "HUN"]
[BlackTeamCountry "CZE"]

1. Nf3 c5 2. c4 Nc6 3. Nc3 g6 4. e3 Bg7 5. d4 cxd4 6. exd4 d6 7. d5 Ne5 8. Nxe5
Bxe5 9. Be2 Bg7 10. Be3 Nf6 11. g4 h5 12. g5 Nh7 13. Bd4 Bxd4 14. Qxd4 O-O 15.
Bd3 Nxg5 16. Qe3 e5 17. dxe6 Re8 18. O-O-O Bxe6 19. h4 Nh7 20. Qg3 Rc8 21. Rhg1
Kh8 22. Kb1 Bxc4 23. Bc2 Qe7 24. f4 Qe3 25. Qh2 Be6 26. f5 Bxf5 27. Bxf5 gxf5
28. Qxd6 Qe5 29. Qh6 f4 30. Rd5 Re6 31. Qxh5 Qxh5 32. Rxh5 Rce8 33. Kc2 Re5
1/2-1/2

[Event "Mitropa Cup 27th"]
[Site "Olbia"]
[Date "2008.06.03"]
[Round "9.1"]
[White "Markos, Jan"]
[Black "Le Roux, Jean Pierre"]
[Result "0-1"]
[WhiteElo "2565"]
[BlackElo "2482"]
[PlyCount "86"]
[EventDate "2008.05.25"]
[EventType "team-tourn"]
[EventRounds "9"]
[EventCountry "ITA"]
[Source "ChessBase"]
[SourceDate "2008.07.03"]
[WhiteTeam "Slovakia"]
[BlackTeam "France"]
[WhiteTeamCountry "SVK"]
[BlackTeamCountry "FRA"]

1. d4 Nf6 2. c4 g6 3. Nc3 d5 4. cxd5 Nxd5 5. e4 Nxc3 6. bxc3 Bg7 7. Bc4 O-O 8.
Ne2 c5 9. O-O Nc6 10. Be3 Na5 11. Bd3 b6 12. dxc5 bxc5 13. Bxc5 Qc7 14. Bb4 Rd8
15. Qc2 Nc6 16. Bc4 Nxb4 17. cxb4 Be6 18. Rac1 Rac8 19. Bb3 Qxc2 20. Bxc2 Bb2
21. Rcd1 Rxd1 22. Bxd1 Bxa2 23. Nf4 Bc4 24. Bg4 Rb8 25. Rd1 Rxb4 26. Nd3 Bxd3
27. Rxd3 a5 28. Bf3 a4 29. Rd8+ Kg7 30. Ra8 Kf6 31. Kf1 Ke5 32. Ke2 Kd4 33. Bg4
e6 34. Kd2 Bc3+ 35. Kc2 Rb2+ 36. Kc1 Rxf2 37. Rxa4+ Kd3 38. Bd1 Rxg2 39. Ra7
Rf2 40. h4 h5 41. Rd7+ Bd4 42. e5 Rh2 43. Rb7 Bxe5 0-1

[Event "Mitropa Cup 27th"]
[Site "Olbia"]
[Date "2008.06.03"]
[Round "9.2"]
[White "Benitah, Yohan"]
[Black "Vavrak, Peter"]
[Result "1/2-1/2"]
[WhiteElo "2425"]
[BlackElo "2466"]
[PlyCount "38"]
[EventDate "2008.05.25"]
[EventType "team-tourn"]
[EventRounds "9"]
[EventCountry "ITA"]
[Source "ChessBase"]
[SourceDate "2008.07.03"]
[WhiteTeam "France"]
[BlackTeam "Slovakia"]
[WhiteTeamCountry "FRA"]
[BlackTeamCountry "SVK"]

1. d4 Nf6 2. c4 e6 3. Nc3 Bb4 4. Qc2 O-O 5. a3 Bxc3+ 6. Qxc3 b6 7. Bg5 Bb7 8.
e3 d6 9. Ne2 Nbd7 10. Qd3 c5 11. Rd1 Ba6 12. Qc2 cxd4 13. Rxd4 Qc7 14. Nc3 e5
15. Rd2 Rac8 16. Qa4 Nc5 17. Qc2 Ncd7 18. Qa4 Nc5 19. Qc2 Ncd7 1/2-1/2

[Event "Mitropa Cup 27th"]
[Site "Olbia"]
[Date "2008.06.03"]
[Round "9.3"]
[White "Plachetka, Jan"]
[Black "Vitoux, Colomban"]
[Result "1-0"]
[WhiteElo "2386"]
[BlackElo "2445"]
[PlyCount "83"]
[EventDate "2008.05.25"]
[EventType "team-tourn"]
[EventRounds "9"]
[EventCountry "ITA"]
[Source "ChessBase"]
[SourceDate "2008.07.03"]
[WhiteTeam "Slovakia"]
[BlackTeam "France"]
[WhiteTeamCountry "SVK"]
[BlackTeamCountry "FRA"]

1. e4 c5 2. Nf3 Nc6 3. Bb5 g6 4. O-O Bg7 5. Bxc6 dxc6 6. d3 e5 7. Be3 Qe7 8. h3
Nf6 9. Qd2 h6 10. Nc3 Nd7 11. a3 Nf8 12. Na4 Ne6 13. b4 b6 14. bxc5 b5 15. Nb2
f5 16. exf5 gxf5 17. Qc1 f4 18. Bd2 Ng5 19. Nxg5 hxg5 20. f3 e4 21. c3 e3 22.
Re1 Bxh3 23. Bxe3 fxe3 24. Rxe3 Be6 25. d4 O-O-O 26. Qe1 Rh6 27. Qg3 g4 28.
Rae1 gxf3 29. Nd3 Qd7 30. Nf4 Bc4 31. Re7 Bxd4+ 32. cxd4 Qxd4+ 33. R1e3 Qa1+
34. Re1 Qd4+ 35. R1e3 f2+ 36. Qxf2 Qa1+ 37. Re1 Qh8 38. Nh3 Qf6 39. Qg3 Rd7 40.
Re8+ Rd8 41. Qg4+ Kb8 42. Rxd8+ 1-0

[Event "Mitropa Cup 27th"]
[Site "Olbia"]
[Date "2008.06.03"]
[Round "9.4"]
[White "Monroy, Charles"]
[Black "Macak, Stefan"]
[Result "0-1"]
[WhiteElo "2399"]
[BlackElo "2342"]
[PlyCount "120"]
[EventDate "2008.05.25"]
[EventType "team-tourn"]
[EventRounds "9"]
[EventCountry "ITA"]
[Source "ChessBase"]
[SourceDate "2008.07.03"]
[WhiteTeam "France"]
[BlackTeam "Slovakia"]
[WhiteTeamCountry "FRA"]
[BlackTeamCountry "SVK"]

1. Nf3 Nf6 2. c4 c5 3. g3 b6 4. Bg2 Bb7 5. O-O e6 6. Nc3 Be7 7. Re1 Ne4 8. Nxe4
Bxe4 9. d4 O-O 10. dxc5 bxc5 11. Ne5 Bxg2 12. Kxg2 d6 13. Nd3 Nc6 14. Qa4 Qb6
15. e4 Bf6 16. Bf4 Rfd8 17. Rab1 Rab8 18. b4 Nxb4 19. Re2 Qc7 20. Nxb4 cxb4 21.
Rxb4 Rxb4 22. Qxb4 Bd4 23. Qb5 Rb8 24. Qa6 Rb6 25. Qa4 Kf8 26. Be3 Bxe3 27.
Rxe3 Rc6 28. Rc3 g6 29. Qa3 Rc5 30. f3 a5 31. Rd3 Ke7 32. Kh3 Qc6 33. Rd2 g5
34. Rd1 h5 35. Rd2 g4+ 36. Kh4 gxf3 37. Qxf3 Rxc4 38. Kh3 Qxe4 39. Qxh5 Rc5 40.
Qd1 Rc6 41. Qh5 Rc5 42. Qd1 Qe5 43. Kg2 Rb5 44. Qc2 Rc5 45. Qd1 Rc4 46. h3 Qe4+
47. Qf3 Qxf3+ 48. Kxf3 f5 49. h4 e5 50. h5 Rc3+ 51. Kg2 Rc8 52. Kh3 Rh8 53. Kh4
Ke6 54. Rd3 d5 55. Kg5 e4 56. Rb3 Rg8+ 57. Kh6 d4 58. Kh7 Rg5 59. h6 d3 60.
Rb6+ Ke5 0-1